Использование облачной технологии в качестве резервной базы данных для розничного магазина; Прогрессивные технологии и экономика в машиностроении; Т. 1

Bibliographische Detailangaben
Parent link:Прогрессивные технологии и экономика в машиностроении: сборник трудов VII Всероссийской научно-практической конференции для студентов и учащейся молодежи, г. Юрга, 7-9 апреля 2016 г./ Национальный исследовательский Томский политехнический университет (ТПУ), Юргинский технологический институт (ЮТИ) ; под ред. Д. А. Чинахова.— , 2016
Т. 1.— 2016.— [С. 402-404]
1. Verfasser: Стаин Р. В.
Körperschaft: Национальный исследовательский Томский политехнический университет (ТПУ) Юргинский технологический институт (филиал) (ЮТИ) Кафедра информационных систем (ИС)
Weitere Verfasser: Важдаев А. Н. Андрей Николаевич (научный руководитель)
Zusammenfassung:Заглавие с титульного экрана
Sprache:Russisch
Veröffentlicht: 2016
Schriftenreihe:Автоматизация и информатизация на производстве и в образовательном процессе
Schlagworte:
Online-Zugang:http://earchive.tpu.ru/handle/11683/26122
Format: Elektronisch Buchkapitel
KOHA link:https://koha.lib.tpu.ru/cgi-bin/koha/opac-detail.pl?biblionumber=618388

MARC

LEADER 00000naa2a2200000 4500
001 618388
005 20231214135658.0
035 |a (RuTPU)RU\TPU\conf\16770 
035 |a RU\TPU\conf\16769 
090 |a 618388 
100 |a 20160601d2016 k y0rusy50 ca 
101 0 |a rus 
102 |a RU 
105 |a y z 101zy 
135 |a drcn ---uucaa 
181 0 |a i  
182 0 |a b 
200 1 |a Использование облачной технологии в качестве резервной базы данных для розничного магазина  |f Р. В. Стаин  |g науч. рук. А. Н. Важдаев 
203 |a Текст  |c электронный 
225 1 |a Автоматизация и информатизация на производстве и в образовательном процессе 
300 |a Заглавие с титульного экрана 
320 |a [Библиогр.: с. 404 (1 назв.)] 
461 1 |0 (RuTPU)RU\TPU\conf\16596  |t Прогрессивные технологии и экономика в машиностроении  |o сборник трудов VII Всероссийской научно-практической конференции для студентов и учащейся молодежи, г. Юрга, 7-9 апреля 2016 г.  |o в 2 т.  |f Национальный исследовательский Томский политехнический университет (ТПУ), Юргинский технологический институт (ЮТИ) ; под ред. Д. А. Чинахова  |d 2016 
463 1 |0 (RuTPU)RU\TPU\conf\16598  |t Т. 1  |v [С. 402-404]  |d 2016 
610 1 |a труды учёных ТПУ 
610 1 |a электронный ресурс 
610 1 |a облачные технологии 
610 1 |a программное обеспечение 
610 1 |a Excel 
610 1 |a Android 
610 1 |a программные модули 
700 1 |a Стаин  |b Р. В. 
702 1 |a Важдаев  |b А. Н.  |c специалист в области информатики и вычислительной техники  |c доцент, кандидат технических наук Юргинского технологического института (филиала) Томского политехнического университета  |f 1981-  |g Андрей Николаевич  |4 727 
712 0 2 |a Национальный исследовательский Томский политехнический университет (ТПУ)  |b Юргинский технологический институт (филиал) (ЮТИ)  |b Кафедра информационных систем (ИС)  |3 (RuTPU)RU\TPU\col\18893 
801 2 |a RU  |b 63413507  |c 20160629  |g RCR 
856 4 |u http://earchive.tpu.ru/handle/11683/26122 
942 |c BK